Hlavní indikátory práv dítěte v rámci Evropské unie : bakalářská práce / Eva Řeháková ; vedoucí práce René Milfait ; oponent práce Bořivoj Kříž
Record details
- Publisher: Praha : Univerzita Karlova v Praze, 2012
Content descriptions
| General Note: | Datum obhajoby: 31-01-2012 |
| Dissertation Note: | Bakalářská práce (Bc.)--Univerzita Karlova. Evangelická teologická fakulta, 2012 |
| Study Program Information Note: | Pastorační a sociální práce Sociální práce |
| Awards Note: | Výsledné hodnocení: Velmi dobře |
Available copies
- 1 of 1 copy available at Common Catalog SPOK.
Holds
- 0 current holds with 1 total copy.
Show Only Available Copies
| Location | Call Number / Copy Notes | Barcode | Shelving Location | Status | Due Date |
|---|---|---|---|---|---|
| Jabok Library | ABP-1787 | 424480026376 | Absolventské práce | Reference | - |
Electronic resources
Version of Resource: Zobrazení plného textu (Digitální archiv UK)
| LDR | 01148ntm a22002897a 4500 | ||
|---|---|---|---|
| 001 | 16512 | ||
| 003 | CZ-PrJAB | ||
| 005 | 20201026095246.0 | ||
| 008 | 120221s2012 xr |||||r|||||||||||cze|d | ||
| 035 | . | ‡a(CONS)16512 | |
| 035 | . | ‡a(CZ PrCU)001428716 | |
| 040 | . | ‡aABD162 ‡bcze | |
| 100 | 1 | . | ‡aŘeháková, Eva ‡4dis |
| 245 | 1 | 0. | ‡aHlavní indikátory práv dítěte v rámci Evropské unie : ‡bbakalářská práce / ‡cEva Řeháková ; vedoucí práce René Milfait ; oponent práce Bořivoj Kříž |
| 246 | 3 | 3. | ‡aThe main indicators of the rights of the child in the European union |
| 260 | . | ‡aPraha : ‡bUniverzita Karlova v Praze, ‡c2012 | |
| 500 | . | ‡aDatum obhajoby: 31-01-2012 | |
| 502 | . | ‡aBakalářská práce (Bc.)--Univerzita Karlova. Evangelická teologická fakulta, 2012 | |
| 526 | 8 | . | ‡aPastorační a sociální práce |
| 526 | 8 | 1. | ‡aSociální práce |
| 586 | . | ‡aVýsledné hodnocení: Velmi dobře | |
| 653 | . | ‡apráva dítěte | |
| 653 | . | ‡aEvropská unie | |
| 653 | . | ‡ahistorický vývoj | |
| 700 | 1 | . | ‡aMilfait, René ‡4ths |
| 700 | 1 | . | ‡aKříž, Bořivoj ‡4opn |
| 710 | 2 | . | ‡aUniverzita Karlova. ‡bJabok |
| 850 | . | ‡aETF | |
| 856 | 4 | 1. | ‡uhttps://is.cuni.cz/webapps/zzp/detail/108670/ ‡yZobrazení plného textu (Digitální archiv UK) |
| 910 | . | ‡aABG312 | |
| 901 | . | ‡a16512 ‡bCZ-PrJAB ‡c16512 ‡tbiblio | |